000 00450nam a2200181Ia 4500
003 GCL
008 140319s9999 xx 000 0 eng d
040 _aGCL /
_cGCL
082 0 4 _a781.643
_bM L
100 1 _aSANDERSON, ANA
245 1 0 _aLEARN TO PLAY BLUES /
_cSANDERSON, ANA
700 1 _aMARKS, ANTHONY
260 _a[S.N] :
_bUSBORNE PUBLISHING LTD ،
_c1995
300 _a64
650 0 4 _aMUSIC
650 0 4 _aBLUES MUSIC
942 _2ddc
_cBK
999 _c25212
_d25212